[Event "Moscow op-E"]
[Site "Moscow"]
[Date "2011.01.31"]
[Round "3.184"]
[White "Fedorov, Sergei V"]
[Black "Popelyshev, Igor Viktorovich"]
[Result "0-1"]
[WhiteElo "1753"]
[BlackElo "2109"]
[PlyCount "46"]
[EventDate "2011.01.29"]
[EventType "swiss"]
[EventRounds "9"]
[EventCountry "RUS"]
[SourceTitle "EXT 2022"]
[Source "ChessBase"]
[SourceDate "2021.10.06"]
[SourceVersion "1"]
[SourceVersionDate "2021.10.06"]
[SourceQuality "1"]

1. e4 c5 2. Nf3 Nf6 3. Nc3 Nc6 4. e5 Ng4 5. Qe2 Qc7 6. Nb5 Qb8 7. Qc4 Ngxe5 8. Qxc5 Nxf3+ 9. gxf3 e6 10. Qc3 a6 11. Na3 b5 12. Qe3 b4 13. Nc4 d5 14. Qb6 Ne5 15. Qxb8 Nxf3+ 16. Ke2 Rxb8 17. Kxf3 dxc4 18. Rg1 Bb7+ 19. Kg4 g5 20. f3 h5+ 21. Kg3 Bc5 22. Rg2 g4 23. Re2 Bxf3 0-1

[Event "Moscow op-E"]
[Site "Moscow"]
[Date "2011.01.29"]
[Round "1.205"]
[White "Fedorov, Sergei V"]
[Black "Sanzhaev, Darsen"]
[Result "1/2-1/2"]
[WhiteElo "1753"]
[BlackElo "2174"]
[PlyCount "88"]
[EventDate "2011.01.29"]
[EventType "swiss"]
[EventRounds "9"]
[EventCountry "RUS"]
[SourceTitle "EXT 2022"]
[Source "ChessBase"]
[SourceDate "2021.10.06"]
[SourceVersion "1"]
[SourceVersionDate "2021.10.06"]
[SourceQuality "1"]

1. c4 e5 2. Nc3 Nf6 3. g3 d5 4. cxd5 Nxd5 5. Bg2 Nb6 6. Nf3 Nc6 7. 0-0 Be7 8. d3 0-0 9. Be3 Be6 10. Qd2 f6 11. Ne4 Qd7 12. Nc5 Bxc5 13. Bxc5 Rfd8 14. Rfd1 Qf7 15. b4 e4 16. Ne1 exd3 17. Nxd3 Bd5 18. e4 Bc4 19. Qc2 a5 20. bxa5 Rxa5 21. Be3 Nd7 22. Bf4 Rc8 23. Rd2 Ra3 24. Ne1 Nde5 25. Qb2 Ra5 26. Bxe5 Rb5 27. Qc3 fxe5 28. Nf3 h6 29. Bh3 Be6 30. Bf1 Ra5 31. Rb1 Ra7 32. Bb5 Rf8 33. Bxc6 Qxf3 34. Qxf3 Rxf3 35. Rxb7 Rxb7 36. Bxb7 Bh3 37. Rd8+ Kh7 38. Bc8 Bxc8 39. Rxc8 Rc3 40. Re8 Rc5 41. Re6 Kg8 42. Re7 c6 43. Kg2 Kh7 44. a4 Ra5 1/2-1/2